Bilecik Bilecik Bilecik Bilecik Bilecik

Akıldışı ama öngörülebilir : (Record no. 40483)

MARC details
000 -BAŞLIK
Sabit Uzunluktaki Kontrol Alanı 01344nam a22003857a 4500
001 - KONTROL NUMARASI
Control Dosyası 0040611
003 - KONTROL NUMARASI KİMLİĞİ
Kontrol Alanı KOHA_MİRAKIL
005 - EN SON İŞLEM TARİHİ ve ZAMANI
Kontrol Alanı 20260207003207.0
007 - FİZİKSEL TANIM SABİT ALAN - GENEL BİLGİ
Sabit uzunluklu kontrol alanı ta
008 - SABİT UZUNLUKTAKİ VERİ ÖGELERİ - GENEL BİLGİ
Sabit Alan 130730b2012 tu |||gr||||#||||0|tur |
020 ## - ISBN - ULUSLARARASI STANDART KİTAP NUMARASI
Isbn 9789757051671
040 ## - KATALOGLAMA KAYNAĞI
Özgün Kataloglama Kurumu TR-BiSEU
Kataloglama Dili tur
Çeviri Kurumu TR-BiSEU
Açıklama Kuralları rda
041 0# - DİL KODU
Metin ya da ses kaydının dil kodu tur
044 ## - YAYINLAYAN/ÜRETEN KURULUŞUN ÜLKE KODU
ISO country code tu
050 ## - SINIFLAMA ve YER NUMARASI
Sınıflama Numarası BF448
Yer Numarası .A75 2012
100 1# - KİŞİ ADI
Yazar Adı (Kişi adı) Ariely, Dan.
240 10 - TEK BİÇİM BAŞLIK
Tekbiçim Başlık <a href="Predictably irrational">Predictably irrational</a>
Language of a work Türkçe
245 1# - ESER ADI BİLDİRİMİ
Başlık Akıldışı ama öngörülebilir :
Alt Eseradı vb. kararlarımızı biçimlendiren gizli kuvvetler =
-- Predictably irrational/
Sorumluluk Bildirimi Dan Ariely ; Dan Ariely ; çev. Asiye Hekimoğlu Gül, Filiz Şar, yayına haz. Zülfü Dicleli.
250 ## - BASIM BİLDİRİMİ
Basım Bildirimi genişletilmiş yeni baskı
264 #1 - ÜRERİM, YAYIN, DAĞITIM ve TELİF BİLDİRİMİ
Yayın yeri İstanbul :
Yayınlayan Türk Henkel
Yayın tarihi 2012
300 ## - FİZİKSEL TANIMLAMA
Sayfa, Cilt vb. 343 sayfa ;
Boyutları 24 cm.
336 ## - İÇERİK TÜRÜ
Content type term metin
Content type code txt
Source rdacontent
337 ## - MEDYA TÜRÜ
Media type term aracısız
Media type code n
Source rdamedia
338 ## - TAŞIYICI TÜRÜ
Carrier type term cilt
Carrier type code nc
Source rdacarrier
490 1# - DİZİ BİLDİRİMİ
Dizi Bildirimi Türk Henkel yayınları ;
Cilt Numarası 25.
490 1# - DİZİ BİLDİRİMİ
Dizi Bildirimi Optimum Yayın No ;
Cilt Numarası 200.
500 ## - GENEL NOT
Genel Not Translation of: Predictably irrational
500 ## - GENEL NOT
Genel Not Kaynakça var.
650 #0 - KONU BAŞLIĞI EK GİRİŞ - KONU TERİMİ
Konusal terim veya coğrafi ad Decision making.
9 (RLIN) 36302
650 #0 - KONU BAŞLIĞI EK GİRİŞ - KONU TERİMİ
Konusal terim veya coğrafi ad Economics--Psychological aspects.
9 (RLIN) 75264
650 #0 - KONU BAŞLIĞI EK GİRİŞ - KONU TERİMİ
Konusal terim veya coğrafi ad Consumer behavior.
9 (RLIN) 11377
830 1# - SERİ EK GİRİŞİ - TEKBİÇİM ESER ADI
Tekbiçim Başlık Türk Henkel yayınları ;
Volume number/sequential designation 25.
9 (RLIN) 75265
830 1# - SERİ EK GİRİŞİ - TEKBİÇİM ESER ADI
Tekbiçim Başlık Optimum Yayın No ;
Volume number/sequential designation 200.
9 (RLIN) 75266
942 ## - EK GİRİŞ ÖGELERİ (KOHA)
Source of classification or shelving scheme Library of Congress Classification
Koha item type Book
Holdings
Materyal Türü Kalıcı Konum Mevcut Konum Raf Yeri Sınıflandırma Kaynağı Edinim Bilgisi Ana Konular Alt Konular Yer Numarası Demirbaş Numarası Fatura Tarihi Maliyet, Alış Fiyatı Maliyet, Yenileme Fiyatı Geri Çekilme Durumu Kayıp Durumu Hasarlı Durumu Kredi için değil Kayıt Tarih Toplam Ödünçverme Son Görülme Tarihi Son Kontrol Tarihi Satın Alma Notu
Book Prof. Dr. Azmi Özcan Kütüphanesi Prof. Dr. Azmi Özcan Kütüphanesi Uluğbey Salonu Library of Congress Classification Satın FELSEFE, PSİKOLOJİ, DİN Psikoloji BF448 .A75 2012 0040611 24/09/2013 19.96 19.96         30/07/2013 9 05/12/2024 05/12/2024 73291-73383 (92 sayfa)